Management foundations:a pacific rim focus / (Record no. 3723)

000 -LEADER
fixed length control field 00999cam a2200325 i 4500
001 - CONTROL NUMBER
control field 18269185
003 - CONTROL NUMBER IDENTIFIER
control field OSt
005 - DATE AND TIME OF LATEST TRANSACTION
control field 20161110115415.0
008 - FIXED-LENGTH DATA ELEMENTS--GENERAL INFORMATION
fixed length control field 140815s2016 nju b 001 0 eng
010 ## - LIBRARY OF CONGRESS CONTROL NUMBER
LC control number 2014030792
020 ## - INTERNATIONAL STANDARD BOOK NUMBER
International Standard Book Number 9780070284944
040 ## - CATALOGING SOURCE
Original cataloging agency DLC
Language of cataloging eng
Transcribing agency DLC
Description conventions rda
Modifying agency DLC
042 ## - AUTHENTICATION CODE
Authentication code pcc
050 00 - LIBRARY OF CONGRESS CALL NUMBER
Classification number HD31.B37 2011
082 00 - DEWEY DECIMAL CLASSIFICATION NUMBER
Classification number 658
Edition number 23
100 ## - MAIN ENTRY--PERSONAL NAME
Personal name Bartol,Kathryn
245 10 - TITLE STATEMENT
Title Management foundations:a pacific rim focus /
Statement of responsibility, etc Kathryn Bartol..[et al]
250 ## - EDITION STATEMENT
Edition statement 3rd ed
260 ## - PUBLICATION, DISTRIBUTION, ETC. (IMPRINT)
Place of publication, distribution, etc sydney
Name of publisher, distributor, etc McGraw-Hill
Date of publication, distribution, etc 2011
300 ## - PHYSICAL DESCRIPTION
Extent xxix, 514 pages ;
Dimensions 29 cm
504 ## - BIBLIOGRAPHY, ETC. NOTE
Bibliography, etc Includes bibliographical references and indexes.
650 #0 - SUBJECT ADDED ENTRY--TOPICAL TERM
Topical term or geographic name as entry element Management.
700 ## - ADDED ENTRY--PERSONAL NAME
Personal name Tein,Margaret
700 ## - ADDED ENTRY--PERSONAL NAME
Personal name Matthews,Graham
700 ## - ADDED ENTRY--PERSONAL NAME
Personal name Sharma,Bishnu
700 ## - ADDED ENTRY--PERSONAL NAME
Personal name Scott-Lado,Brenda
906 ## - LOCAL DATA ELEMENT F, LDF (RLIN)
a 7
b cbc
c orignew
d 1
e ecip
f 20
g y-gencatlg
942 ## - ADDED ENTRY ELEMENTS (KOHA)
Source of classification or shelving scheme
Koha item type Book
Holdings
Withdrawn status Lost status Source of classification or shelving scheme Damaged status Not for loan Home library Current library Shelving location Date acquired Total Checkouts Full call number Barcode Date last seen Copy number Price effective from Koha item type
          Riara University Library Riara University Library General stack 10/11/2016   HD31.B37 2011 8774/16 10/11/2016 c.1 10/11/2016 Book

Riara University Library,
P.O. Box 49940-00100,
Nairobi, Kenya.